[Event "HUN-chT2 Barcza 1314"]
[Site "Hungary"]
[Date "2013.10.20"]
[Round "3"]
[White "Gergely, Akos"]
[Black "Daroczy, Sandor"]
[Result "1/2-1/2"]
[WhiteElo "1860"]
[BlackElo "1943"]
[PlyCount "23"]
[EventDate "2013.09.08"]
[EventType "team-tourn"]
[EventRounds "11"]
[EventCountry "HUN"]
[SourceTitle "EXT 2016"]
[Source "ChessBase"]
[SourceDate "2015.10.08"]
[SourceVersion "1"]
[SourceVersionDate "2015.10.08"]
[SourceQuality "1"]
[WhiteTeam "Nyiregyhaza SISE"]
[BlackTeam "Debrecen Sakkiskola"]
[WhiteTeamCountry "HUN"]
[BlackTeamCountry "HUN"]

1. d4 e6 2. c4 d5 3. Nc3 Nf6 4. Nf3 Be7 5. e3 0-0 6. Be2 c5 7. 0-0 Nc6 8. b3 cxd4 9. exd4 Qa5 10. Bb2 Rd8 11. Rc1 a6 12. c5 1/2-1/2

[Event "HUN-chT U18"]
[Site "Miskolc"]
[Date "2010.11.05"]
[Round "6.5"]
[White "Nemeth, Henrietta"]
[Black "Gergely, Akos"]
[Result "0-1"]
[WhiteElo "1685"]
[BlackElo "1829"]
[PlyCount "46"]
[EventDate "2010.11.02"]
[EventType "team-swiss"]
[EventRounds "8"]
[EventCountry "HUN"]
[SourceTitle "EXT 2016"]
[Source "ChessBase"]
[SourceDate "2015.10.08"]
[SourceVersion "1"]
[SourceVersionDate "2015.10.08"]
[SourceQuality "1"]

1. e4 e5 2. Nf3 Nc6 3. Bc4 Bc5 4. c3 Nf6 5. d3 0-0 6. Bg5 h6 7. Bh4 d6 8. Nbd2 g5 9. Bg3 Ne7 10. Nf1 Ng6 11. Qc1 Nf4 12. Bxf4 exf4 13. g3 Bh3 14. Nd4 d5 15. exd5 Re8+ 16. Kd2 Nxd5 17. Qd1 Bxd4 18. cxd4 Nb6 19. d5 Qf6 20. Kc1 Bg4 21. f3 Bxf3 22. Qxf3 Re1+ 23. Kc2 Rxa1 0-1

[Event "HUN-ch U12"]
[Site "Budapest"]
[Date "2010.06.28"]
[Round "3"]
[White "Gergely, Akos"]
[Black "Vida, Krisztian"]
[Result "1-0"]
[WhiteElo "1783"]
[BlackElo "1721"]
[PlyCount "61"]
[EventDate "2010.06.26"]
[EventType "swiss"]
[EventRounds "9"]
[EventCountry "HUN"]
[SourceTitle "CBM 137 Extra"]
[Source "ChessBase"]
[SourceDate "2010.09.01"]
[SourceVersion "1"]
[SourceVersionDate "2010.09.01"]
[SourceQuality "1"]

1. e4 c5 2. Nf3 d6 3. d4 cxd4 4. Nxd4 Nf6 5. Nc3 g6 6. Be3 Bg7 7. f3 0-0 8. Qd2 Nc6 9. 0-0-0 Re8 10. g4 Bd7 11. h4 Ne5 12. h5 Rc8 13. hxg6 fxg6 14. Bh6 Bh8 15. Bg5 Rf8 16. f4 Nexg4 17. f5 Ne5 18. Be2 Qe8 19. fxg6 Nxg6 20. Nf5 Bxf5 21. exf5 Ne5 22. Rdg1 Bg7 23. Bb5 Qd8 24. Bxf6 Rxf6 25. Qh2 h6 26. Nd5 Nf3 27. Nxf6+ exf6 28. Rxg7+ Kf8 29. Qxh6 Rxc2+ 30. Kxc2 Nd4+ 31. Kb1 1-0

[Event "HUN-ch U12"]
[Site "Budapest"]
[Date "2010.06.27"]
[Round "2"]
[White "Peczely, Sebastian Zsombor"]
[Black "Gergely, Akos"]
[Result "1-0"]
[WhiteElo "1657"]
[BlackElo "1783"]
[PlyCount "85"]
[EventDate "2010.06.26"]
[EventType "swiss"]
[EventRounds "9"]
[EventCountry "HUN"]
[SourceTitle "CBM 137 Extra"]
[Source "ChessBase"]
[SourceDate "2010.09.01"]
[SourceVersion "1"]
[SourceVersionDate "2010.09.01"]
[SourceQuality "1"]

1. e4 e5 2. Nf3 Nc6 3. Bb5 a6 4. Ba4 Nf6 5. 0-0 b5 6. Bb3 Be7 7. Re1 d6 8. a4 Bb7 9. d3 0-0 10. Nbd2 Na5 11. Ba2 c5 12. Nf1 Rc8 13. Ne3 Nc6 14. c3 Nd7 15. Nd5 Nb6 16. Be3 Nxd5 17. Bxd5 Bf6 18. h3 Qc7 19. Nh2 Nd8 20. Ba2 Ne6 21. g3 c4 22. Ng4 Bg5 23. Bxg5 Nxg5 24. h4 Ne6 25. axb5 axb5 26. dxc4 bxc4 27. Ne3 Bxe4 28. Nxc4 d5 29. Ne3 Rfd8 30. Nxd5 Bxd5 31. Bxd5 Qb6 32. Qb3 Qxb3 33. Bxb3 Nc5 34. Bc2 Rd2 35. Bf5 Rcd8 36. Rxe5 Nb3 37. Rb1 g6 38. Bg4 h5 39. Bf3 Rc2 40. Bd1 Nd2 41. Bxc2 Nf3+ 42. Kg2 Nxe5 43. Rd1 1-0

[Event "HUN-chT2 Barcza 0910"]
[Site "Hungary"]
[Date "2010.05.02"]
[Round "11.9"]
[White "Gergely, Akos"]
[Black "Kucsa, Andras"]
[Result "1-0"]
[WhiteElo "1770"]
[BlackElo "1995"]
[PlyCount "89"]
[EventDate "2009.11.08"]
[EventType "team-tourn"]
[EventRounds "11"]
[EventCountry "HUN"]
[SourceTitle "EXT 2011"]
[Source "ChessBase"]
[SourceDate "2010.11.26"]
[SourceVersion "1"]
[SourceVersionDate "2010.11.26"]
[SourceQuality "1"]
[WhiteTeam "Nyiregyhaza"]
[BlackTeam "Piremon"]
[WhiteTeamCountry "HUN"]
[BlackTeamCountry "HUN"]

1. e4 g6 2. d4 Bg7 3. Nf3 d6 4. Bc4 Nf6 5. Nc3 0-0 6. 0-0 Nbd7 7. e5 Ne8 8. e6 fxe6 9. Bxe6+ Kh8 10. Ng5 Nb6 11. Nf7+ Rxf7 12. Bxf7 Nf6 13. Re1 Qf8 14. Be6 c6 15. Qe2 Bxe6 16. Qxe6 Re8 17. Bg5 d5 18. Rad1 Nc4 19. b3 Nd6 20. f3 Nf7 21. Bh4 Nd8 22. Qe3 e6 23. Na4 b6 24. c4 Nf7 25. Qf4 Nh5 26. Qc7 Nd6 27. Qxa7 Nf5 28. Bf2 b5 29. cxb5 cxb5 30. Nc5 Nf4 31. Qc7 g5 32. Nd3 Rc8 33. Qb6 Rb8 34. Qc5 Nxd3 35. Qxf8+ Rxf8 36. Rxd3 Rc8 37. g4 Ne7 38. Rxe6 Ng6 39. Bg3 Rc1+ 40. Kf2 Rc2+ 41. Re2 Rc8 42. Ke3 b4 43. Kd2 Ra8 44. Kc1 Rc8+ 45. Kb2 1-0

[Event "HUN-chT2 Barcza 0910"]
[Site "Hungary"]
[Date "2009.12.20"]
[Round "4.8"]
[White "Bartok Csato, Gyorgy"]
[Black "Gergely, Akos"]
[Result "0-1"]
[WhiteElo "2048"]
[BlackElo "1770"]
[PlyCount "32"]
[EventDate "2009.11.08"]
[EventType "team-tourn"]
[EventRounds "11"]
[EventCountry "HUN"]
[SourceTitle "EXT 2011"]
[Source "ChessBase"]
[SourceDate "2010.11.26"]
[SourceVersion "1"]
[SourceVersionDate "2010.11.26"]
[SourceQuality "1"]
[WhiteTeam "HSSE"]
[BlackTeam "Nyiregyhaza"]
[WhiteTeamCountry "HUN"]
[BlackTeamCountry "HUN"]

1. h4 d5 2. d4 Nf6 3. Nf3 Bf5 4. Bf4 e6 5. e3 Nbd7 6. c4 Bxb1 7. Qxb1 Bb4+ 8. Kd1 Ne4 9. Qc2 Ndf6 10. c5 Ng4 11. a3 Ngxf2+ 12. Ke2 Nxh1 13. axb4 Nhg3+ 14. Kd3 Nxf1 15. Rxf1 0-0 16. g4 Qe8 0-1

[Event "HUN-chT2 Barcza 0910"]
[Site "Hungary"]
[Date "2009.11.08"]
[Round "1.11"]
[White "Jakab, Gergely Sandor"]
[Black "Gergely, Akos"]
[Result "0-1"]
[WhiteElo "1735"]
[BlackElo "1770"]
[PlyCount "90"]
[EventDate "2009.11.08"]
[EventType "team-tourn"]
[EventRounds "11"]
[EventCountry "HUN"]
[SourceTitle "EXT 2011"]
[Source "ChessBase"]
[SourceDate "2010.11.26"]
[SourceVersion "1"]
[SourceVersionDate "2010.11.26"]
[SourceQuality "1"]
[WhiteTeam "Edeleny"]
[BlackTeam "Nyiregyhaza"]
[WhiteTeamCountry "HUN"]
[BlackTeamCountry "HUN"]

1. e4 e5 2. Nf3 Nc6 3. Bc4 Bc5 4. c3 Nf6 5. d4 exd4 6. cxd4 Bb4+ 7. Bd2 Bxd2+ 8. Nbxd2 d5 9. exd5 Nxd5 10. 0-0 0-0 11. a3 Nce7 12. Re1 c6 13. Qc2 Bf5 14. Bd3 Bxd3 15. Qxd3 Qc7 16. Nf1 Rad8 17. Qc2 Rfe8 18. Ne3 Qf4 19. Qb3 Qc7 20. Rac1 Qb6 21. Qc2 Nf4 22. Nc4 Qc7 23. Nfe5 Neg6 24. Nxg6 hxg6 25. Re3 Nd5 26. Re2 Rxe2 27. Qxe2 Qe7 28. Qxe7 Nxe7 29. Kf1 Nf5 30. b4 Nxd4 31. Rd1 Ne6 32. Rxd8+ Nxd8 33. Nd2 Kf8 34. Ke2 Ke7 35. Ke3 Kd6 36. Kd3 Kd5 37. Nf1 b5 38. Ne3+ Ke5 39. Nd1 Ne6 40. g3 g5 41. Nc3 f5 42. Ne2 g4 43. Ng1 Ng5 44. h4 gxh3 45. f4+ Kd5 0-1

[Event "HUN-chT U18"]
[Site "Miskolc"]
[Date "2009.10.30"]
[Round "8.6"]
[White "Szente Varga, Fruzsina"]
[Black "Gergely, Akos"]
[Result "1-0"]
[WhiteElo "1817"]
[BlackElo "1770"]
[PlyCount "47"]
[EventDate "2009.10.26"]
[EventType "team-swiss"]
[EventRounds "8"]
[EventCountry "HUN"]
[SourceTitle "EXT 2016"]
[Source "ChessBase"]
[SourceDate "2015.10.08"]
[SourceVersion "1"]
[SourceVersionDate "2015.10.08"]
[SourceQuality "1"]

1. e4 e5 2. d4 exd4 3. Qxd4 Nc6 4. Qe3 d6 5. Bd2 Nf6 6. Nc3 Be6 7. 0-0-0 Qd7 8. f4 d5 9. Be1 d4 10. Qe2 Bg4 11. Nf3 0-0-0 12. h3 Bxf3 13. gxf3 Qe6 14. f5 Qe5 15. Nb1 g6 16. fxg6 hxg6 17. Nd2 Bh6 18. Kb1 Nh5 19. Nb3 Be3 20. Bf2 Ng3 21. Bxg3 Qxg3 22. Nc5 a6 23. Nxb7 Nb8 24. Nxd8 1-0

[Event "HUN-chT U18"]
[Site "Miskolc"]
[Date "2009.10.29"]
[Round "6.7"]
[White "Gergely, Akos"]
[Black "Haszon, Kamilla Sara"]
[Result "1-0"]
[WhiteElo "1770"]
[BlackElo "1701"]
[PlyCount "71"]
[EventDate "2009.10.26"]
[EventType "team-swiss"]
[EventRounds "8"]
[EventCountry "HUN"]
[SourceTitle "EXT 2016"]
[Source "ChessBase"]
[SourceDate "2015.10.08"]
[SourceVersion "1"]
[SourceVersionDate "2015.10.08"]
[SourceQuality "1"]

1. e4 c5 2. Nf3 d6 3. d4 cxd4 4. Nxd4 Nf6 5. Nc3 a6 6. a4 e5 7. Nb3 Be6 8. Bg5 Nbd7 9. Be2 Be7 10. 0-0 0-0 11. Kh1 Qc7 12. f4 h6 13. Bxf6 Nxf6 14. f5 Bxb3 15. cxb3 Rad8 16. Rc1 Qa5 17. Bc4 b5 18. Nd5 Nxd5 19. Bxd5 Bg5 20. Rc6 bxa4 21. bxa4 Kh8 22. Qc2 g6 23. Qe2 Qxa4 24. Rxa6 Qb4 25. Rc6 Qa5 26. b3 gxf5 27. Rxf5 Bf4 28. Qf1 Ra8 29. g3 Qd2 30. gxf4 Rg8 31. Rh5 Kh7 32. Rc1 Ra2 33. fxe5 Qe3 34. Qxf7+ Rg7 35. Qf5+ Kh8 36. Rc8+ 1-0

[Event "HUN-chT U18"]
[Site "Miskolc"]
[Date "2009.10.27"]
[Round "2.9"]
[White "Szajbely, Zsigmond"]
[Black "Gergely, Akos"]
[Result "1/2-1/2"]
[WhiteElo "1911"]
[BlackElo "1770"]
[PlyCount "64"]
[EventDate "2009.10.26"]
[EventType "team-swiss"]
[EventRounds "8"]
[EventCountry "HUN"]
[SourceTitle "EXT 2016"]
[Source "ChessBase"]
[SourceDate "2015.10.08"]
[SourceVersion "1"]
[SourceVersionDate "2015.10.08"]
[SourceQuality "1"]

1. e4 e5 2. Nf3 Nc6 3. Bb5 a6 4. Ba4 Nf6 5. 0-0 b5 6. Bb3 Be7 7. Re1 0-0 8. a4 Bb7 9. d3 d6 10. Nbd2 Na5 11. Ba2 c5 12. Nf1 Nd7 13. Ne3 Bf6 14. Nd5 Nc6 15. c3 Re8 16. Be3 Ne7 17. Nxf6+ Nxf6 18. Bg5 Ng6 19. axb5 axb5 20. Qb3 Qd7 21. Bxf6 gxf6 22. Qc2 Nf4 23. Re3 Kh8 24. Ne1 Rg8 25. Qd1 Ra7 26. Bb3 Rxa1 27. Qxa1 Ra8 28. Qd1 b4 29. cxb4 cxb4 30. Qd2 Ra1 31. Qxb4 Bc8 32. f3 Qa7 1/2-1/2